000 00441cam a2200181ua 4500
020 _c5.50
041 _aeng
_h
082 _a604.2
_bMOR/GE
100 _aMorris, I H .
245 _aGeometrical drawing for art students /
_cI H Morris.
_hTextual Documents
250 _a1 /
_b.
260 _aLondon :
_bOrient-Longman Ltd ,
_c1967.
300 _a313 ; .
365 _a5.50
504 _a
942 _cBK
999 _c10807
_d10807